Quyền lợi cô nhi - quả phụ - tử sĩ [ của Việt Nam Cộng Hòa ]

Đã lưu trong:
Sonraí Bibleagrafaíochta
Príomhúdar: Lê Văn Nghĩa
Formáid: Leabhar
Teanga:Undetermined
Foilsithe: Sài Gòn Học viện Quốc Gia Hành Chánh 1970
Ábhair:
Clibeanna: Cuir Clib Leis
Gan Chlibeanna, Bí ar an gcéad duine leis an taifead seo a chlibeáil!
Thư viện lưu trữ: Trung tâm Học liệu Trường Đại học Cần Thơ
LEADER 00592nam a2200169Ia 4500
001 CTU_26425
008 210402s9999 xx 000 0 und d
082 |b Ngh301 
100 |a Lê Văn Nghĩa 
245 0 |a Quyền lợi cô nhi - quả phụ - tử sĩ [ của Việt Nam Cộng Hòa ] 
245 0 |c Lê Văn Nghĩa 
260 |a Sài Gòn 
260 |b Học viện Quốc Gia Hành Chánh 
260 |c 1970 
650 |a public welfare,social problems 
904 |i Nguyễn Quang Điền, 981013 
980 |a Trung tâm Học liệu Trường Đại học Cần Thơ